00703nam a2200205Ia 4500999001500000020001800015082002100033100001500054245006600069260004200135300001500177504002600192650002900218650003600247650003600283650002500319650002400344942000700368952012200375 c1021d1021 a81-7054-096-8 a307.760954 DHA-; aDharam Vir 0aPolitical efficacy in urban India: a sociological exploration aNew DelhibClassical Publishingc1989 axii, 182p. aIncludes bibliography aSociology, Urban - India aIndia - Politics and government aMetropolitan government - India aUrban policy - India aPolitical sociology cBK 00104070aNASSDOCbNASSDOCd2004-06-08i2004-10-22l0o307.760954 DHA-;p28540r2019-04-18 00:00:00w2019-04-18yBK